Giáo trình công nghệ chế tạo máy

Nội dung sách gồm: Thiết kế đồ gá, thiết kế quá trình công nghệ, công nghệ gia công các chi tiết điển hình, công nghệ lắp ráp các sản phẩm cơ khí.

Guardat en:
Dades bibliogràfiques
Autor principal: Hồ Viết Bình
Altres autors: Phan Minh Thành
Format: Llibre
Idioma:Vietnamese
Publicat: Tp. Hồ Chí Minh Đại học Quốc gia Thành phố Hồ Chí Minh 2013
Matèries:
Etiquetes: Afegir etiqueta
Sense etiquetes, Sigues el primer a etiquetar aquest registre!
Thư viện lưu trữ: Thư viện Trường Đại học Nam Cần Thơ
LEADER 01538nam a22002417a 4500
001 NCT_148079
008 230407b xxu||||| |||| 00| 0 vie d
999 |c 7629  |d 7629 
020 |c 75000 
082 0 4 |2 23rd ed.  |a 621.8  |b B312 
100 1 |a Hồ Viết Bình 
245 1 0 |a Giáo trình công nghệ chế tạo máy  |c Hồ Viết Bình, Phan Minh Thành 
260 |a Tp. Hồ Chí Minh  |b  Đại học Quốc gia Thành phố Hồ Chí Minh  |c 2013 
300 |a 287 tr.  |b minh họa  |c 24cm 
520 3 |a Nội dung sách gồm: Thiết kế đồ gá, thiết kế quá trình công nghệ, công nghệ gia công các chi tiết điển hình, công nghệ lắp ráp các sản phẩm cơ khí. 
653 |a Công nghệ Kỹ thuật Ô tô 
700 1 |a Phan Minh Thành 
942 |2 ddc  |c BK 
952 |0 0  |1 0  |2 ddc  |4 0  |6 621_800000000000000_B312  |7 0  |9 27403  |a 000001  |b 000001  |d 2023-04-07  |o 621.8 B312  |p MD.21652  |r 2023-04-07  |v 75000.00  |w 2023-04-07  |y BK 
952 |0 0  |1 0  |2 ddc  |4 0  |6 621_800000000000000_B312  |7 0  |9 27404  |a 000001  |b 000001  |d 2023-04-07  |o 621.8 B312  |p MD.21653  |r 2023-04-07  |v 75000.00  |w 2023-04-07  |y BK 
952 |0 0  |1 0  |2 ddc  |4 0  |6 621_800000000000000_B312  |7 0  |9 27405  |a 000001  |b 000001  |d 2023-04-07  |o 621.8 B312  |p MD.21654  |r 2023-04-07  |v 75000.00  |w 2023-04-07  |y BK 
952 |0 0  |1 0  |2 ddc  |4 0  |6 621_800000000000000_B312  |7 0  |9 27406  |a 000001  |b 000001  |d 2023-04-07  |o 621.8 B312  |p MD.21655  |r 2023-04-07  |v 75000.00  |w 2023-04-07  |y BK 
980 |a Thư viện Trường Đại học Nam Cần Thơ